[Event "Berlin Lichtenberger op 13th"]
[Site "Berlin"]
[Date "2014.08.18"]
[Round "3"]
[White "Karge, Ole Jannes"]
[Black "Bruening, Wolfgang"]
[Result "0-1"]
[WhiteElo "1494"]
[BlackElo "1893"]
[PlyCount "68"]
[EventDate "2014.08.16"]
[EventType "swiss"]
[EventRounds "9"]
[EventCountry "GER"]
[SourceTitle "CBM 161 Extra"]
[Source "ChessBase"]
[SourceDate "2014.08.29"]
[SourceVersion "1"]
[SourceVersionDate "2014.08.29"]
[SourceQuality "1"]

1. e4 c5 2. d4 cxd4 3. c3 d3 4. Nf3 Nc6 5. Bf4 d6 6. Bxd3 e5 7. Be3 Be7 8. 0-0 Nf6 9. Bc4 0-0 10. Qb3 Na5 11. Qa4 Bd7 12. Bb5 Bxb5 13. Qxb5 a6 14. Qd3 Qc7 15. Nbd2 Rfd8 16. c4 Nc6 17. b3 Rab8 18. a4 Nd7 19. Rac1 Nc5 20. Qc2 Nb4 21. Qb1 b5 22. Qa1 bxa4 23. Bxc5 dxc5 24. Qxa4 Rd3 25. Rfd1 Rbd8 26. Qa1 Qd6 27. Qb2 Rxf3 28. Nxf3 Qxd1+ 29. Ne1 Qd2 30. Qxd2 Rxd2 31. Nf3 Re2 32. Nxe5 Rxe4 33. Nd7 Rd4 34. Nb6 f5 0-1

[Event "GER-ch U25 op-B"]
[Site "Oberhof"]
[Date "2012.06.01"]
[Round "8"]
[White "Karge, Ole Jannes"]
[Black "Lang, Thomas1111"]
[Result "0-1"]
[WhiteElo "1090"]
[BlackElo "945"]
[PlyCount "100"]
[EventDate "2012.05.27"]
[EventType "swiss"]
[EventRounds "9"]
[EventCountry "GER"]
[SourceTitle "CBM 148 Extra"]
[Source "ChessBase"]
[SourceDate "2012.06.22"]
[SourceVersion "1"]
[SourceVersionDate "2012.06.22"]
[SourceQuality "1"]

1. e4 e5 2. Nf3 Nc6 3. d4 exd4 4. Nxd4 Bc5 5. Be3 Qe7 6. Nxc6 dxc6 7. Bxc5 Qxc5 8. Nc3 Nf6 9. Bd3 Be6 10. 0-0 0-0-0 11. Qd2 Bc4 12. b3 Bxd3 13. cxd3 Qb4 14. Qc2 Qc5 15. Rac1 Qd6 16. Rcd1 Ng4 17. g3 Qh6 18. f3 Ne3 19. Qe2 Nxd1 20. Rxd1 Qf6 21. e5 Qe6 22. Qe3 Rhe8 23. f4 b6 24. Ne2 f6 25. Nd4 Qd5 26. Nf3 fxe5 27. Nxe5 g5 28. d4 c5 29. Qf3 Qxf3 30. Nxf3 g4 31. Ne5 Rxd4 32. Rxd4 cxd4 33. Kf2 h5 34. Ke2 c5 35. Kd3 Kc7 36. Ke4 b5 37. Kd3 Kd6 38. Nf7+ Kd5 39. Ne5 Rxe5 40. fxe5 Kxe5 41. a3 Kd5 42. b4 c4+ 43. Kd2 Ke4 44. Ke2 c3 45. Kd1 Kd3 46. Kc1 c2 47. Kb2 Kd2 48. Kb3 c1Q 49. Ka2 Kc2 50. a4 Qb2# 0-1

[Event "GER-ch U25 op-B"]
[Site "Oberhof"]
[Date "2012.05.31"]
[Round "7"]
[White "Weiten, Katharina"]
[Black "Karge, Ole Jannes"]
[Result "0-1"]
[WhiteElo "882"]
[BlackElo "1090"]
[PlyCount "102"]
[EventDate "2012.05.27"]
[EventType "swiss"]
[EventRounds "9"]
[EventCountry "GER"]
[SourceTitle "CBM 148 Extra"]
[Source "ChessBase"]
[SourceDate "2012.06.22"]
[SourceVersion "1"]
[SourceVersionDate "2012.06.22"]
[SourceQuality "1"]

1. e4 c5 2. Nf3 Nc6 3. c3 Qb6 4. Bd3 d6 5. Bc2 Bg4 6. d3 e6 7. h3 Bh5 8. Be3 d5 9. d4 c4 10. e5 Qxb2 11. Nbd2 Qxc3 12. 0-0 Qa5 13. Re1 Bb4 14. Re2 f6 15. g4 Bg6 16. Ba4 b5 17. Bc2 fxe5 18. dxe5 Bc3 19. Rb1 Bxc2 20. Qxc2 d4 21. Ne1 dxe3 22. Qe4 Nge7 23. Ndf3 exf2+ 24. Rxf2 Bxe1 25. Rxe1 Rd8 26. Ng5 Nd5 27. Qf3 Qxe1+ 28. Rf1 Qxf1+ 29. Qxf1 Rf8 30. Qb1 Ne3 31. Qxh7 Rf1+ 32. Kh2 Rd2+ 33. Kg3 Rg2+ 34. Kh4 Rgf2 35. Qg6+ Kd7 36. Qxe6+ Kc7 37. Qe8 c3 38. Ne6+ Kb6 39. Nd8 Ka5 40. Nxc6+ Ka4 41. Qd8 Nc4 42. e6 c2 43. Qe7 a5 44. Qxg7 c1Q 45. e7 Re2 46. Nd4 Rxe7 47. Qxe7 Qh6+ 48. Kg3 Rh1 49. h4 Qd2 50. Qd7 Qh2+ 51. Kf3 Ne5+ 0-1

[Event "GER-ch U25 op-B"]
[Site "Oberhof"]
[Date "2012.05.28"]
[Round "3"]
[White "Karge, Ole Jannes"]
[Black "Hoppe, Michael"]
[Result "0-1"]
[WhiteElo "1090"]
[BlackElo "1426"]
[PlyCount "70"]
[EventDate "2012.05.27"]
[EventType "swiss"]
[EventRounds "9"]
[EventCountry "GER"]
[SourceTitle "CBM 148 Extra"]
[Source "ChessBase"]
[SourceDate "2012.06.22"]
[SourceVersion "1"]
[SourceVersionDate "2012.06.22"]
[SourceQuality "1"]

1. e4 Nc6 2. d4 d5 3. e5 Bf5 4. Bb5 e6 5. Bd2 f6 6. Nf3 a6 7. Bxc6+ bxc6 8. exf6 gxf6 9. Nh4 Bg6 10. Qe2 Qd7 11. f4 Ne7 12. Nxg6 hxg6 13. Rf1 Rxh2 14. Nc3 Nf5 15. Qd3 Rxg2 16. 0-0-0 Rg3 17. Rf3 Rxf3 18. Qxf3 Nxd4 19. Qd3 Nf5 20. Re1 Kf7 21. Rh1 Bg7 22. Qe2 Ng3 23. Qe1 Nxh1 24. Qxh1 Rh8 25. Qf1 Qc8 26. Na4 Bf8 27. Bc3 Qb7 28. b3 Ba3+ 29. Bb2 Bxb2+ 30. Nxb2 Qb5 31. c4 Qc5 32. Na4 Qe3+ 33. Kd1 Rh2 34. Qe1 Qd3+ 35. Kc1 Qc2# 0-1